[Event "WY U-16 Chess Olympiad 2019"]
[Site "Corum"]
[Date "2019.11.03"]
[Round "7"]
[White "Mekarapiruk, Nathasha"]
[Black "Shaw, Laurie Ann"]
[Result "0-1"]
[WhiteElo "1227"]
[BlackElo "1274"]
[Annotator "NA"]
[PlyCount "152"]
[EventDate "2019.10.28"]
[EventType "team-tourn"]
[EventCountry "TUR"]
[SourceTitle "playchess.com"]
[Source "ChessBase"]
[SourceQuality "1"]

1. e4 c5 2. Nf3 Nc6 3. d4 cxd4 4. Nxd4 g6 5. Nc3 Bg7 6. Be3 Nf6 7. Bc4 Qa5 8. O-O O-O 9. f3 d6 10. Qd2 Qb4 11. Nxc6 bxc6 12. Bb3 Nd7 13. Bh6 Qd4+ 14. Qxd4 Bxd4+ 15. Kh1 Re8 16. Rfd1 Bh8 17. Rd2 Nc5 18. Rad1 Nxb3 19. cxb3 Be6 20. Bg5 a5 21. Na4 Ra7 22. Rc2 c5 23. f4 Rb7 24. Rdc1 Rb4 25. e5 f6 26. exf6 exf6 27. Bh6 f5 28. Bg5 Bg7 29. Nc3 h6 30. Bh4 Rxf4 31. Bg3 Rd4 32. Nb5 Rd3 33. Re2 Bd7 34. Rxe8+ Bxe8 35. Nxd6 Bxb2 36. Rb1 Bc6 37. Nc4 Be4 38. Rf1 Bc3 39. Bc7 a4 40. bxa4 Rd4 41. Nd6 Rxa4 42. Nxe4 fxe4 43. Rf2 e3 44. Re2 Bd2 45. g3 Rxa2 46. Bb6 Rc2 47. Kg2 Kf7 48. Ba5 Rb2 49. Kf3 c4 50. Ke4 Bc3 51. Rxb2 Bxb2 52. Kxe3 Kf6 53. Kd2 Kf5 54. Kc2 Be5 55. Bd2 g5 56. h4 c3 57. Bxc3 Bxc3 58. Kxc3 Kg4 59. hxg5 hxg5 60. Kd3 Kxg3 61. Ke3 Kg2 62. Ke2 g4 63. Ke3 g3 64. Ke2 Kh2 65. Kf3 g2 66. Ke4 g1=Q 67. Ke5 Qg4 68. Kf6 Kg3 69. Ke5 Kf3 70. Kf6 Qh5 71. Kg7 Kf4 72. Kf6 Qh6+ 73. Kf7 Ke5 74. Ke7 Qg7+ 75. Kd8 Kd6 76. Kc8 Qc7# 0-1

[Event "WY U-16 Chess Olympiad 2019"]
[Site "Corum"]
[Date "2019.11.03"]
[Round "7"]
[White "Watkins, Rachel Jane"]
[Black "Tastekin, Ebrar Gozde"]
[Result "1/2-1/2"]
[WhiteElo "1212"]
[BlackElo "1313"]
[Annotator "NA"]
[PlyCount "77"]
[EventDate "2019.10.28"]
[EventType "team-tourn"]
[EventCountry "TUR"]
[SourceTitle "playchess.com"]
[Source "ChessBase"]
[SourceQuality "1"]

1. e4 c5 2. Nf3 d6 3. d4 cxd4 4. Nxd4 g6 5. Nc3 Bg7 6. Be3 a6 7. Bc4 Nf6 8. O-O O-O 9. Re1 Qc7 10. Bb3 Bd7 11. Qd2 Nc6 12. Rad1 Rac8 13. a3 Na5 14. Ba2 Nc4 15. Bxc4 Qxc4 16. Qd3 Ng4 17. Bg5 f6 18. Bh4 Ne5 19. Qd2 b5 20. Nd5 Rce8 21. Nb6 Qc7 22. Nxd7 Qxd7 23. Qa5 Ra8 24. b3 Nc6 25. Nxc6 Qxc6 26. Re2 e5 27. Rd3 Rac8 28. f3 Rfd8 29. Red2 Kf7 30. Bf2 Bh6 31. Be3 Bxe3+ 32. Rxe3 Qc5 33. Kf2 f5 34. Ke2 f4 35. Red3 Qg1 36. Qxa6 Qxg2+ 37. Ke1 Qg1+ 38. Ke2 Qxh2+ 39. Kf1 1/2-1/2

[Event "WY U-16 Chess Olympiad 2019"]
[Site "Corum"]
[Date "2019.11.03"]
[Round "7"]
[White "Mohamed Ali S"]
[Black "Nanayakkara, J A K Saranath"]
[Result "0-1"]
[WhiteElo "1073"]
[BlackElo "1924"]
[Annotator "NA"]
[PlyCount "64"]
[EventDate "2019.10.28"]
[EventType "team-tourn"]
[EventCountry "TUR"]
[SourceTitle "playchess.com"]
[Source "ChessBase"]
[SourceQuality "1"]

1. e4 c5 2. Nc3 Nc6 3. Nf3 d6 4. Bc4 Nf6 5. O-O e6 6. d4 cxd4 7. Nxd4 a6 8. Nf3 Qc7 9. Re1 Be7 10. Bf4 O-O 11. e5 dxe5 12. Nxe5 Nxe5 13. Bxe5 Qxc4 14. b3 Qc6 15. h3 b5 16. f3 Nd7 17. Qd4 Bc5 18. Bxg7 Bxd4+ 19. Bxd4 e5 20. Bf2 Qxc3 21. Rac1 Bb7 22. Re3 Qc6 23. Rd1 Rad8 24. c3 Qc7 25. Bg3 f6 26. Rf1 Nb6 27. f4 Rd2 28. Rf2 Rxf2 29. Kxf2 exf4 30. Bxf4 Qxf4+ 31. Rf3 Bxf3 32. gxf3 Rd8 0-1

[Event "WY U-16 Chess Olympiad 2019"]
[Site "Corum"]
[Date "2019.11.04"]
[Round "8"]
[White "Abdusattorov, Nodirbek"]
[Black "Avila Pavas, Santiago"]
[Result "1-0"]
[WhiteElo "2608"]
[BlackElo "2406"]
[Annotator "TA"]
[PlyCount "127"]
[EventDate "2019.10.28"]
[EventType "team-tourn"]
[EventCountry "TUR"]
[SourceTitle "playchess.com"]
[Source "ChessBase"]
[SourceQuality "1"]

1. e4 Nf6 2. e5 Nd5 3. c4 Nb6 4. d4 d6 5. exd6 cxd6 6. Nc3 g6 7. Be3 Bg7 8. Rc1 O-O 9. b3 e5 10. dxe5 dxe5 11. Qxd8 Rxd8 12. c5 N6d7 13. Bc4 Nc6 14. Nf3 h6 15. Ne4 Na5 16. Bd5 Nf6 17. Nxf6+ Bxf6 18. Be4 Kg7 19. b4 Nc6 20. b5 Nd4 21. Bxd4 exd4 22. Kd2 Re8 23. Rhe1 Rb8 24. a4 Be6 25. c6 bxc6 26. Bxc6 Red8 27. Rxe6 fxe6 28. Kd3 Rdc8 29. Rc4 Rd8 30. a5 Kf7 31. Rc2 Rbc8 32. a6 Rb8 33. Nd2 Rdc8 34. Nc4 Ke7 35. Bb7 Rc7 36. Na5 Kd7 37. Bc6+ Ke7 38. Rc5 Kd6 39. Rc4 Ke7 40. Nb3 Rb6 41. Nd2 Be5 42. Ne4 Kd8 43. Rc5 Bg7 44. Rc4 Ke7 45. f4 Kd8 46. g3 Ke7 47. h4 Rb8 48. Nc5 Kd6 49. Nb7+ Ke7 50. Rc2 Bf6 51. Re2 Kf7 52. Kc4 Re7 53. b6 d3 54. Kxd3 Kg7 55. Kc4 axb6 56. Kb5 Bd4 57. Nd6 Bc5 58. Nc4 Rd8 59. Rd2 Rf8 60. Ne5 Ra7 61. Rd7+ Rxd7 62. Nxd7 Rc8 63. Bb7 Rd8 64. a7 1-0

[Event "WY U-16 Chess Olympiad 2019"]
[Site "Corum"]
[Date "2019.11.04"]
[Round "8"]
[White "Muradli, Mahammad"]
[Black "Galperin, Platon"]
[Result "0-1"]
[WhiteElo "2459"]
[BlackElo "2469"]
[Annotator "TA"]
[PlyCount "112"]
[EventDate "2019.10.28"]
[EventType "team-tourn"]
[EventCountry "TUR"]
[SourceTitle "playchess.com"]
[Source "ChessBase"]
[SourceQuality "1"]

1. d4 Nf6 2. c4 g6 3. Nc3 Bg7 4. e4 d6 5. Be2 O-O 6. Be3 Nc6 7. Nf3 Ng4 8. Bg5 h6 9. Bh4 g5 10. Bg3 e5 11. d5 Nd4 12. Nxd4 exd4 13. Nb5 Nf6 14. f3 Nh5 15. Bf2 Nf4 16. O-O d3 17. Bxd3 Bxb2 18. Rb1 Be5 19. c5 a6 20. Na3 dxc5 21. Bxc5 Bd6 22. Bxd6 Qxd6 23. Nc4 Qc5+ 24. Kh1 b5 25. Nb2 c6 26. g3 Ng6 27. Qe2 cxd5 28. e5 Bh3 29. f4 Bxf1 30. Rxf1 Rac8 31. Qh5 Qd4 32. Bxg6 Rc6 33. Bd3 Qxb2 34. Qg4 Rc1 35. Qf5 Rxf1+ 36. Bxf1 Qc1 37. Kg2 Qc6 38. fxg5 Qg6 39. Qd7 Qe4+ 40. Kf2 hxg5 41. Qe7 Qf5+ 42. Kg1 Rc8 43. e6 Qxe6 44. Qxg5+ Kf8 45. Bd3 Qc6 46. Kg2 Qc1 47. Qf5 Qd2+ 48. Kh3 Rc6 49. Qxd5 Rh6+ 50. Kg4 Qd1+ 51. Kf4 Rf6+ 52. Kg5 Rg6+ 53. Kf4 Qc1+ 54. Ke4 Rg4+ 55. Ke5 Qe3+ 56. Kf6 Qe7+ 0-1

[Event "WY U-16 Chess Olympiad 2019"]
[Site "Corum"]
[Date "2019.11.04"]
[Round "8"]
[White "Spyropoulos, Nikolaos"]
[Black "Tsaruk, Maksim"]
[Result "1/2-1/2"]
[WhiteElo "2409"]
[BlackElo "2230"]
[Annotator "TA"]
[PlyCount "83"]
[EventDate "2019.10.28"]
[EventType "team-tourn"]
[EventCountry "TUR"]
[SourceTitle "playchess.com"]
[Source "ChessBase"]
[SourceQuality "1"]

1. e4 e5 2. Nf3 Nc6 3. Bb5 a6 4. Ba4 Nf6 5. d3 b5 6. Bb3 Be7 7. Nc3 d6 8. a3 O-O 9. Nd5 Be6 10. Nxf6+ Bxf6 11. Bxe6 fxe6 12. c3 Qd7 13. O-O Ne7 14. d4 Nc6 15. Re1 h6 16. Be3 Rae8 17. h3 d5 18. dxe5 Nxe5 19. Nxe5 Bxe5 20. Qg4 d4 21. Rad1 c5 22. f4 Qc7 23. fxe5 dxe3 24. Qg3 Rf2 25. Rxe3 Rxb2 26. Red3 c4 27. Rd7 Qc5+ 28. Kh2 Re7 29. Rd8+ Kh7 30. Rf1 Re2 31. Rff8 g5 32. Rh8+ Kg6 33. Rdg8+ Rg7 34. Rf8 Rh7 35. Rhg8+ Rg7 36. Rh8 Rh7 37. Rf6+ Kg7 38. Re8 Re3 39. Re7+ Kg8 40. Re8+ Kg7 41. Re7+ Kg8 42. Re8+ 1/2-1/2

[Event "WY U-16 Chess Olympiad 2019"]
[Site "Corum"]
[Date "2019.11.04"]
[Round "8"]
[White "Gan-Erdene, Sugar"]
[Black "Stoyanov, Tsvetan"]
[Result "1-0"]
[WhiteElo "2407"]
[BlackElo "2377"]
[Annotator "RC"]
[PlyCount "117"]
[EventDate "2019.10.28"]
[EventType "team-tourn"]
[EventCountry "TUR"]
[SourceTitle "playchess.com"]
[Source "ChessBase"]
[SourceQuality "1"]

1. e4 g6 2. d4 Bg7 3. Nc3 d6 4. Be3 a6 5. h4 h5 6. Qd2 b6 7. f3 Bb7 8. Nh3 Nd7 9. Ng5 e6 10. O-O-O Qe7 11. d5 e5 12. Be2 Ngf6 13. Kb1 Nc5 14. Nh3 Qd7 15. Nf2 O-O-O 16. b4 Na4 17. Nxa4 Qxa4 18. c4 a5 19. bxa5 Qxa5 20. Qxa5 bxa5 21. Kc2 Ba6 22. Rb1 Bh6 23. Bxh6 Rxh6 24. Rb3 Nd7 25. Ra3 Nb6 26. Kc3 a4 27. Bd3 Bb7 28. Bc2 Ba6 29. Bxa4 Nxc4 30. Rb3 Nb6 31. Bc6 Bb7 32. Bb5 Nd7 33. Nd3 Nc5 34. Nxc5 dxc5 35. Rhb1 g5 36. hxg5 Rg6 37. Kc4 Ba6 38. Kxc5 Bxb5 39. Rxb5 Rxg5 40. Rb8+ Kd7 41. Rxd8+ Kxd8 42. Rb2 Kc8 43. a4 Rg6 44. a5 h4 45. Kb5 Kb7 46. Rc2 Kb8 47. a6 Rb6+ 48. Ka5 Rg6 49. a7+ Kxa7 50. Rxc7+ Kb8 51. Rxf7 Rxg2 52. Rh7 Rg3 53. Kb6 Rg6+ 54. Kc5 Rf6 55. d6 Kc8 56. Kc6 Rf8 57. Rxh4 Rg8 58. Rh7 Rf8 59. Re7 1-0

[Event "WY U-16 Chess Olympiad 2019"]
[Site "Corum"]
[Date "2019.11.04"]
[Round "8"]
[White "Ahmadzada, Ahmad"]
[Black "Malovanyi, Yulian"]
[Result "1-0"]
[WhiteElo "2406"]
[BlackElo "2351"]
[Annotator "TA"]
[PlyCount "119"]
[EventDate "2019.10.28"]
[EventType "team-tourn"]
[EventCountry "TUR"]
[SourceTitle "playchess.com"]
[Source "ChessBase"]
[SourceQuality "1"]

1. d4 d5 2. Nf3 Nc6 3. Bf4 Bg4 4. e3 e6 5. Nbd2 Bd6 6. Bg3 Nge7 7. c4 O-O 8. Bd3 h6 9. O-O Bxg3 10. hxg3 e5 11. dxe5 Nxe5 12. Be2 Bxf3 13. Bxf3 Nxf3+ 14. Qxf3 dxc4 15. Nxc4 Qd5 16. Qxd5 Nxd5 17. Rfd1 Nf6 18. Na5 Rfd8 19. Rac1 Rxd1+ 20. Rxd1 Rb8 21. f3 Kf8 22. e4 Ke8 23. Kf2 Ng8 24. b4 Ne7 25. Ke3 b6 26. Nc4 Rd8 27. Rc1 c6 28. g4 f6 29. Nb2 Ra8 30. a4 a5 31. b5 cxb5 32. axb5 Rc8 33. Nc4 Rc5 34. Nd6+ Kd7 35. Rxc5 bxc5 36. Nc4 Kc7 37. f4 a4 38. Kd3 g5 39. f5 Nc8 40. e5 fxe5 41. f6 a3 42. Kc2 Kd7 43. Nxe5+ Ke6 44. f7 Ke7 45. Kb3 Nb6 46. Kxa3 Kf8 47. Kb3 Ke7 48. Kc3 Kf8 49. Kd3 Ke7 50. Ke4 Kf8 51. Kf5 Ke7 52. g3 c4 53. Kg6 Kf8 54. Kf6 Nd5+ 55. Ke6 Nc7+ 56. Kf5 c3 57. b6 c2 58. b7 Na6 59. Kf6 c1=Q 60. Ng6# 1-0

[Event "WY U-16 Chess Olympiad 2019"]
[Site "Corum"]
[Date "2019.11.04"]
[Round "8"]
[White "Larkin, Vladyslav"]
[Black "Suleymanli, Aydin"]
[Result "1/2-1/2"]
[WhiteElo "2405"]
[BlackElo "2426"]
[Annotator "TA"]
[PlyCount "70"]
[EventDate "2019.10.28"]
[EventType "team-tourn"]
[EventCountry "TUR"]
[SourceTitle "playchess.com"]
[Source "ChessBase"]
[SourceQuality "1"]

1. d4 d5 2. Bf4 c5 3. e3 Nc6 4. c3 Nf6 5. Nd2 Bf5 6. Ngf3 e6 7. Qb3 Qb6 8. Nh4 c4 9. Qxb6 axb6 10. Nxf5 exf5 11. a3 b5 12. Rb1 Ra7 13. Be2 Kd7 14. h3 h5 15. Bd1 Bd6 16. Bc2 g6 17. Bxd6 Kxd6 18. f3 Re8 19. Kf2 b6 20. Rhe1 Rae7 21. g3 Kc7 22. Re2 Nd8 23. Rbe1 Ne6 24. e4 fxe4 25. fxe4 Ng5 26. e5 Nxh3+ 27. Kf1 Nh7 28. Nf3 N3g5 29. Nh4 Nf8 30. Kf2 Nfe6 31. Ng2 f5 32. exf6 Rf7 33. Nh4 Rxf6+ 34. Kg2 Rg8 35. Rf1 Rxf1 1/2-1/2

[Event "WY U-16 Chess Olympiad 2019"]
[Site "Corum"]
[Date "2019.11.05"]
[Round "8"]
[White "Tanriverdi, Enes"]
[Black "Ceres, Dragos"]
[Result "1-0"]
[WhiteElo "2401"]
[BlackElo "2302"]
[Annotator "TA"]
[PlyCount "45"]
[EventDate "2019.10.28"]
[EventType "team-tourn"]
[EventCountry "TUR"]
[SourceTitle "playchess.com"]
[Source "ChessBase"]
[SourceQuality "1"]

1. d4 Nf6 2. c4 e6 3. Nf3 c5 4. d5 exd5 5. cxd5 d6 6. Nc3 g6 7. Bf4 a6 8. e4 Bg7 9. Qa4+ Bd7 10. Qb3 Bc8 11. a4 O-O 12. Be2 Qe7 13. Nd2 Nbd7 14. O-O Ne8 15. Rae1 Rb8 16. Nc4 b5 17. axb5 axb5 18. Na5 Qf6 19. Bg3 b4 20. Nc6 Ra8 21. e5 Qg5 22. Ne4 Qh6 23. e6 1-0

[Event "WY U-16 Chess Olympiad 2019"]
[Site "Corum"]
[Date "2019.11.04"]
[Round "8"]
[White "Avalyan, Artur"]
[Black "Hua, Eugene"]
[Result "1-0"]
[WhiteElo "2395"]
[BlackElo "2285"]
[Annotator "TA"]
[PlyCount "133"]
[EventDate "2019.10.28"]
[EventType "team-tourn"]
[EventCountry "TUR"]
[SourceTitle "playchess.com"]
[Source "ChessBase"]
[SourceQuality "1"]

1. d4 Nf6 2. c4 e6 3. Nc3 Bb4 4. e3 O-O 5. Bd3 d5 6. Nf3 c5 7. O-O cxd4 8. exd4 dxc4 9. Bxc4 b6 10. Qe2 Bb7 11. Rd1 Bxc3 12. bxc3 Nbd7 13. Bb3 Qc7 14. c4 Rfe8 15. h3 Rac8 16. Bb2 Nf8 17. Ne5 Ng6 18. Nxg6 hxg6 19. Qd2 Ne4 20. Qe3 Nd6 21. Rac1 Nf5 22. Qe5 Qxe5 23. dxe5 Bc6 24. Rd3 Red8 25. Rcd1 Rxd3 26. Rxd3 Kf8 27. f4 Ke8 28. g4 Ne7 29. Kf2 Rd8 30. Rd6 Rxd6 31. exd6 Nc8 32. Bxg7 Nxd6 33. Bd4 f5 34. g5 Nb7 35. Bd1 Nd6 36. Be2 Kd8 37. Ke3 Ne4 38. h4 Ng3 39. Bd1 Kc7 40. Be5+ Kd7 41. Kd4 b5 42. cxb5 Bxb5 43. a4 Be2 44. Bb3 Ne4 45. a5 a6 46. Bb8 Nd2 47. Ba4+ Kc8 48. Ba7 Kb7 49. Bc5 Bg4 50. Ke5 Nf3+ 51. Kxe6 Nxh4 52. Kf6 Ng2 53. Bd6 Bh5 54. Be8 Nh4 55. Bb4 Kc7 56. Be1 Kd8 57. Bf7 Ng2 58. Bd2 Nh4 59. Bc4 Nf3 60. Be3 Nh2 61. Bb6+ Ke8 62. Bxa6 Ng4+ 63. Ke6 Nh2 64. Bb7 Be2 65. a6 Bxa6 66. Bxa6 Ng4 67. Bc5 1-0

[Event "WY U-16 Chess Olympiad 2019"]
[Site "Corum"]
[Date "2019.11.04"]
[Round "8"]
[White "Gharibyan, Mamikon"]
[Black "Nogerbek, Kazybek"]
[Result "1-0"]
[WhiteElo "2388"]
[BlackElo "2387"]
[Annotator "TA"]
[PlyCount "157"]
[EventDate "2019.10.28"]
[EventType "team-tourn"]
[EventCountry "TUR"]
[SourceTitle "playchess.com"]
[Source "ChessBase"]
[SourceQuality "1"]

1. d4 Nf6 2. c4 e6 3. Nf3 d5 4. Nc3 Be7 5. Bf4 O-O 6. Rc1 c5 7. cxd5 Nxd5 8. Bd2 Nc6 9. dxc5 Bxc5 10. Nxd5 Qxd5 11. e3 Bb4 12. Bxb4 Qxd1+ 13. Rxd1 Nxb4 14. a3 Nd5 15. Bb5 a6 16. Bc4 Nf6 17. Ne5 b5 18. Bb3 Bb7 19. f3 Rfd8 20. Ke2 Kf8 21. Rxd8+ Rxd8 22. Rc1 Nd7 23. Nd3 Rc8 24. Rxc8+ Bxc8 25. Kd2 Ke7 26. Kc3 a5 27. Bc2 Nb6 28. Ne5 Bd7 29. Kd4 Be8 30. Kc5 Nd5 31. e4 Ne3 32. Bd3 b4 33. axb4 axb4 34. g3 b3 35. Kb4 f6 36. Nc4 Nc2+ 37. Kc3 Ne1 38. Be2 Bb5 39. Kxb3 e5 40. Kc3 Bxc4 41. Kxc4 Nc2 42. Kc5 Nd4 43. Bd1 Kd7 44. Kd5 Ne6 45. Ba4+ Ke7 46. b4 Nd4 47. Bd1 g5 48. Kc5 Kd7 49. b5 Kc7 50. b6+ Kb7 51. Kd6 Kxb6 52. Ke7 f5 53. exf5 Nxf5+ 54. Kf6 Ne3 55. Be2 Kc5 56. Kxe5 h6 57. Kf6 Kd4 58. Kg6 Ke5 59. Kxh6 Kf6 60. Bd3 Ng2 61. Kh5 Ne3 62. h4 gxh4 63. Kxh4 Nd5 64. f4 Nc7 65. g4 Ne6 66. g5+ Kg7 67. f5 Nc5 68. f6+ Kf7 69. Bc4+ Kg6 70. Kg4 Nb7 71. Bd3+ Kf7 72. Kf5 Nd6+ 73. Ke5 Ne8 74. g6+ Kf8 75. Bc4 Ng7 76. fxg7+ Kxg7 77. Kf5 Kh8 78. Kg5 Kg7 79. Bd3 1-0

[Event "WY U-16 Chess Olympiad 2019"]
[Site "Corum"]
[Date "2019.11.04"]
[Round "8"]
[White "Assaubayeva, Bibisara"]
[Black "Barseghyan, Armen Ar."]
[Result "1-0"]
[WhiteElo "2381"]
[BlackElo "2381"]
[Annotator "TA"]
[PlyCount "155"]
[EventDate "2019.10.28"]
[EventType "team-tourn"]
[EventCountry "TUR"]
[SourceTitle "playchess.com"]
[Source "ChessBase"]
[SourceQuality "1"]

1. d4 f5 2. c4 Nf6 3. Nf3 g6 4. g3 Bg7 5. Bg2 O-O 6. O-O d6 7. Nc3 c6 8. b3 Na6 9. Bb2 Qc7 10. a3 e5 11. dxe5 dxe5 12. b4 Be6 13. c5 Rad8 14. Qc2 h6 15. e4 f4 16. Nh4 Qf7 17. gxf4 exf4 18. Ne2 Bb3 19. Qc1 Ng4 20. Bxg7 Kxg7 21. Qb2+ Qf6 22. Qxf6+ Rxf6 23. Nf3 Bc4 24. Rfe1 Bxe2 25. Rxe2 Rf7 26. Bh3 Nf6 27. e5 Nd5 28. Rd1 Nac7 29. Rd3 Re7 30. Nd2 Rf8 31. Bg2 g5 32. Bf3 Rf5 33. Nc4 g4 34. Be4 f3 35. Re1 Rg5 36. h4 Rh5 37. Kh2 Rxh4+ 38. Kg3 Rh5 39. Bxd5 Nxd5 40. Re4 Rg5 41. Rxg4 Kf7 42. Rxf3+ Ke6 43. Rxg5 hxg5 44. Kg4 Rh7 45. Kxg5 Rg7+ 46. Kh4 b5 47. cxb6 axb6 48. Rg3 Rh7+ 49. Kg4 b5 50. Na5 Kxe5 51. Nxc6+ Ke4 52. f3+ Ke3 53. Kf5 Nf4 54. Ne5 Rh5+ 55. Rg5 Rh8 56. Ng4+ Kxf3 57. Ne5+ Ke3 58. Rg3+ Kd4 59. Nf3+ Kc4 60. Kxf4 Kb3 61. Nd4+ Ka4 62. Rg5 Rh4+ 63. Ke5 Kxa3 64. Nc6 Ka4 65. Kd6 Rh1 66. Rg8 Rh5 67. Kc7 Kb3 68. Kb6 Ka4 69. Ra8+ Kb3 70. Ka5 Kc4 71. Rc8 Rh7 72. Na7+ Kd5 73. Rc5+ Ke6 74. Nxb5 Rh4 75. Na3 Kd7 76. Nc4 Rh8 77. b5 Rh1 78. Kb6 1-0

[Event "WY U-16 Chess Olympiad 2019"]
[Site "Corum"]
[Date "2019.11.04"]
[Round "8"]
[White "Talukdar, Rohan"]
[Black "Murzin, Volodar"]
[Result "0-1"]
[WhiteElo "2369"]
[BlackElo "2433"]
[Annotator "TA"]
[PlyCount "88"]
[EventDate "2019.10.28"]
[EventType "team-tourn"]
[EventCountry "TUR"]
[SourceTitle "playchess.com"]
[Source "ChessBase"]
[SourceQuality "1"]

1. e4 g6 2. d4 Bg7 3. Nc3 d6 4. f4 Nf6 5. Nf3 O-O 6. Bd3 Na6 7. O-O c5 8. d5 Bg4 9. h3 Bxf3 10. Qxf3 Nb4 11. a3 Nxd3 12. Qxd3 Nd7 13. Be3 a6 14. a4 b6 15. Nd1 Qb8 16. c4 b5 17. axb5 axb5 18. Rxa8 Qxa8 19. cxb5 Qa4 20. b3 Qa3 21. Bd2 Rb8 22. Ne3 Qa7 23. Rf3 Qa1+ 24. Kh2 Qd4 25. Qxd4 cxd4 26. Nd1 Rxb5 27. b4 f5 28. exf5 gxf5 29. Ra3 Rb7 30. Nb2 Kf7 31. Nc4 Rc7 32. Na5 Nb6 33. Nc6 Nxd5 34. b5 e5 35. fxe5 dxe5 36. Ra8 Bf6 37. Rb8 e4 38. Ba5 d3 39. Bxc7 d2 40. b6 d1=Q 41. b7 Nxc7 42. Rf8+ Kxf8 43. b8=Q+ Ne8 44. Qc8 e3 0-1

[Event "WY U-16 Chess Olympiad 2019"]
[Site "Corum"]
[Date "2019.11.04"]
[Round "8"]
[White "Lazavik, Denis"]
[Black "Alexakis, Dimitris"]
[Result "1-0"]
[WhiteElo "2368"]
[BlackElo "2459"]
[Annotator "TA"]
[PlyCount "81"]
[EventDate "2019.10.28"]
[EventType "team-tourn"]
[EventCountry "TUR"]
[SourceTitle "playchess.com"]
[Source "ChessBase"]
[SourceQuality "1"]

1. d4 Nf6 2. c4 e6 3. Nf3 c5 4. d5 d6 5. Nc3 exd5 6. cxd5 g6 7. g3 Bg7 8. Bg2 O-O 9. O-O Nbd7 10. a4 Ng4 11. h3 Nge5 12. Ng5 h6 13. Nge4 Nf6 14. Nd2 Nh5 15. f4 Nd7 16. g4 Nhf6 17. e4 a6 18. Nc4 Ne8 19. Qe2 f6 20. Bd2 Rb8 21. a5 Qe7 22. Rae1 Nc7 23. Na4 Nb5 24. b4 cxb4 25. Bxb4 g5 26. Ne3 Nc5 27. Bxc5 dxc5 28. Qc4 gxf4 29. Rxf4 Nd6 30. Qxc5 Qe5 31. Ref1 Bd7 32. Nb6 Bb5 33. Nf5 Bxf1 34. Rxf1 Rbd8 35. Nc4 Nxc4 36. Qxc4 Rc8 37. Qb3 Rf7 38. d6 Qc5+ 39. Kh1 Qc4 40. e5 fxe5 41. Bd5 1-0

[Event "WY U-16 Chess Olympiad 2019"]
[Site "Corum"]
[Date "2019.11.04"]
[Round "8"]
[White "Yu, Kaifeng"]
[Black "Pobor, Milo"]
[Result "1-0"]
[WhiteElo "2367"]
[BlackElo "2064"]
[Annotator "TA"]
[PlyCount "59"]
[EventDate "2019.10.28"]
[EventType "team-tourn"]
[EventCountry "TUR"]
[SourceTitle "playchess.com"]
[Source "ChessBase"]
[SourceQuality "1"]

1. d4 Nf6 2. c4 c5 3. d5 g6 4. Nc3 Bg7 5. e4 d6 6. Bd3 O-O 7. Nge2 Na6 8. O-O Nc7 9. Bg5 Rb8 10. Qd2 a6 11. a4 b6 12. f4 Bd7 13. e5 Nfe8 14. Qe3 f6 15. e6 fxg5 16. exd7 Qxd7 17. fxg5 Rxf1+ 18. Rxf1 e6 19. Be4 Be5 20. dxe6 Nxe6 21. Nd5 Nd4 22. Ng3 b5 23. a5 Ne6 24. Qb3 Nd4 25. Qd3 Bxg3 26. hxg3 Qg4 27. Bxg6 Ne2+ 28. Kh2 Qxg3+ 29. Qxg3 Nxg3 30. Bf7+ 1-0

[Event "WY U-16 Chess Olympiad 2019"]
[Site "Corum"]
[Date "2019.11.04"]
[Round "8"]
[White "Tarlabasi, Emirhan"]
[Black "Aronyak Ghosh"]
[Result "1/2-1/2"]
[WhiteElo "2365"]
[BlackElo "2380"]
[Annotator "TA"]
[PlyCount "50"]
[EventDate "2019.10.28"]
[EventType "team-tourn"]
[EventCountry "TUR"]
[SourceTitle "playchess.com"]
[Source "ChessBase"]
[SourceQuality "1"]

1. d4 d5 2. c4 dxc4 3. e4 c5 4. d5 Nf6 5. Nc3 b5 6. Bf4 Qa5 7. a4 Nxe4 8. axb5 Nxc3 9. Rxa5 Nxd1 10. Kxd1 Nd7 11. Bc7 Bb7 12. Bxc4 g6 13. Nf3 Bg7 14. Re1 Nb6 15. Bxb6 axb6 16. Rxa8+ Bxa8 17. Kc2 Bf6 18. Ra1 Kd7 19. Ra7+ Kd6 20. Nd2 Rb8 21. Ne4+ Ke5 22. Nc3 Kd6 23. Ne4+ Ke5 24. Nc3 Kd6 25. Ne4+ Ke5 1/2-1/2

[Event "WY U-16 Chess Olympiad 2019"]
[Site "Corum"]
[Date "2019.11.04"]
[Round "8"]
[White "Petkov, Momchil"]
[Black "Itgelt, Khuyagtsogt"]
[Result "1-0"]
[WhiteElo "2333"]
[BlackElo "2160"]
[Annotator "TA"]
[PlyCount "119"]
[EventDate "2019.10.28"]
[EventType "team-tourn"]
[EventCountry "TUR"]
[SourceTitle "playchess.com"]
[Source "ChessBase"]
[SourceQuality "1"]

1. d4 d5 2. c4 c6 3. Nf3 Nf6 4. e3 e6 5. Nc3 Nbd7 6. b3 Bb4 7. Bd2 Bd6 8. Qc2 O-O 9. Be2 Re8 10. O-O b6 11. Rfd1 Bb7 12. a4 a6 13. Bc1 Rc8 14. e4 dxe4 15. Nxe4 Nxe4 16. Qxe4 Qc7 17. Bb2 c5 18. Qh4 Be7 19. Qh3 Bf6 20. Rd2 Bxf3 21. Bxf3 Bxd4 22. Bxd4 cxd4 23. Rxd4 Nf6 24. Rad1 Rcd8 25. Qg3 Qxg3 26. hxg3 Rxd4 27. Rxd4 a5 28. Rd6 Rb8 29. Bb7 Kf8 30. Rxb6 Ke7 31. b4 Nd7 32. Rb5 axb4 33. a5 Nc5 34. a6 Nxa6 35. Bxa6 Rxb5 36. cxb5 Kd6 37. b6 b3 38. Kf1 b2 39. Bd3 Kc6 40. Ke2 Kxb6 41. Kd2 Kc5 42. Kc2 Kd4 43. Bxh7 f5 44. Kxb2 Kd3 45. g4 Ke2 46. gxf5 exf5 47. f3 Kf2 48. Bxf5 Kxg2 49. Bg4 Kg3 50. Kc3 Kf4 51. Kd4 Kg5 52. Ke5 Kg6 53. Ke6 Kg5 54. Kf7 Kh6 55. f4 g6 56. Kf6 Kh7 57. Bf3 Kh6 58. Be4 Kh5 59. Bxg6+ Kh6 60. Bd3 1-0

[Event "WY U-16 Chess Olympiad 2019"]
[Site "Corum"]
[Date "2019.11.04"]
[Round "8"]
[White "Garifullina, Leya"]
[Black "Vettese, Nicholas"]
[Result "1/2-1/2"]
[WhiteElo "2330"]
[BlackElo "2235"]
[Annotator "TA"]
[PlyCount "72"]
[EventDate "2019.10.28"]
[EventType "team-tourn"]
[EventCountry "TUR"]
[SourceTitle "playchess.com"]
[Source "ChessBase"]
[SourceQuality "1"]

1. e4 Nf6 2. e5 Nd5 3. c4 Nb6 4. d4 d6 5. exd6 exd6 6. Nf3 Be7 7. h3 O-O 8. Bd3 Nc6 9. a3 Bf6 10. O-O Nxd4 11. Nxd4 Bxd4 12. Bxh7+ Kxh7 13. Qxd4 Bf5 14. Nd2 Qf6 15. Qxf6 gxf6 16. b3 Rfe8 17. Nf3 Bd3 18. Re1 a5 19. a4 Rxe1+ 20. Nxe1 Be4 21. Bb2 Nd7 22. Rc1 Nc5 23. Rc3 Re8 24. Ba3 Bb1 25. Nf3 Re2 26. Bxc5 dxc5 27. Kf1 Rc2 28. Re3 Rb2 29. Ke1 Bc2 30. Nd2 Kg7 31. g4 f5 32. f4 fxg4 33. hxg4 Kg6 34. Ke2 f6 35. Ke1 Kf7 36. Ke2 Kg6 1/2-1/2

[Event "WY U-16 Chess Olympiad 2019"]
[Site "Corum"]
[Date "2019.11.04"]
[Round "8"]
[White "Sprenar, Petr"]
[Black "Budisavljevic, Luka"]
[Result "0-1"]
[WhiteElo "2329"]
[BlackElo "2432"]
[Annotator "TA"]
[PlyCount "70"]
[EventDate "2019.10.28"]
[EventType "team-tourn"]
[EventCountry "TUR"]
[SourceTitle "playchess.com"]
[Source "ChessBase"]
[SourceQuality "1"]

1. d4 Nf6 2. c4 e6 3. Nf3 c5 4. d5 d6 5. Nc3 exd5 6. cxd5 g6 7. h3 Bg7 8. e4 O-O 9. Bd3 Re8 10. O-O Nbd7 11. Re1 Ne5 12. Nxe5 Rxe5 13. Bf4 Nh5 14. Bxe5 Bxe5 15. Bf1 Qg5 16. Re3 Nf4 17. Kh1 h5 18. Qd2 h4 19. Rd1 Qe7 20. Rf3 Nh5 21. Ne2 g5 22. b4 g4 23. hxg4 Bxg4 24. Ng1 cxb4 25. Be2 Bxf3 26. Bxf3 Nf4 27. Qxb4 Kg7 28. Bg4 Qg5 29. Bh3 Nxh3 30. Nxh3 Qg4 31. Rf1 Rc8 32. Qe1 Rc2 33. Qd1 Qxd1 34. Rxd1 Rxa2 35. f4 Ra1 0-1